Statistics for NFL Teams with the Same Name for 60 Years

Click here to take the quiz!

General Stats

  • This quiz has been taken 106 times
    (42 since last reset)
  • The average score is 6 of 7

Answer Stats

Same Name SinceTeam% Correct
1922Chicago Bears
97%
1945Pittsburgh Steelers
94%
1934Detroit Lions
91%
1925New York Giants
91%
1919Green Bay Packers
89%
1944Philadelphia Eagles
86%
1946San Francisco 49ers
71%

Score Distribution

Percentile by Number Answered

Percent of People with Each Score

Your Score History

You have not taken this quiz since the last reset